00558cam a2200169 a 4500020001500000040000800015082002600023100002200049245007700071246002600148246004700174260006300221300004000284650001200324650002100336700003100357 a0205159621 cDLC00a428 PRE 1996 A022 Or.1 aGiannotti, Janet.10aTalking about the U.S.A. :ban active introduction to American culture /30aTalking about the USA3 aTalking about the United States of America aUpper Saddle River, N.J. :bPrentice Hall Regents,cc1996. avii, 236 p. :bill., maps ;c28 cm. 0aReaders 0aEnglish language1 aSzwarcewicz, Suzanne Mele.